000 00791nas a2200265 4500
001 BR0604483
003 BR-BrBNA
005 20231205110425.0
007 ta
008 230509b bl.|||p| |||| 00| 00por d
040 _aBR-BrBNA
_bpor
_cBiblioteca Nacional de Agricultura
041 _a(Pt)
072 _aL73
100 1 _aHofer, E.
100 1 _aReis, C.M.F. dos
245 1 _aEspécies e sorovares de Listeria isolados de animais doentes e portadores no Brasil
650 _aBOVINO
650 _aBACTÉRIA
650 _aDOENÇA ANIMAL
650 _aLISTERIOSE
650 _aINFECÇÃO
773 0 _tPesquisa Veterinária Brasileira (Brazil)
_xISSN 0100-736X
_g(Apr-Jun 2005), v. 25(2) p. 79-83
_wBR0604483
909 _a202311
_bLúcia
_c55
_dLúcia Elande
942 _2AGRIS
_n0
_cANA
999 _c187339
_d187339